header

Energizing our future (Record no. 40773)

MARC details
000 -LEADER
fixed length control field 01240nam a2200325Ia 4500
082 04 - DEWEY DECIMAL CLASSIFICATION NUMBER
Classification number 333.79
100 1# - MAIN ENTRY--AUTHOR NAME
Personal name Wilson, John R.
245 10 - TITLE STATEMENT
Title Energizing our future
260 ## - PUBLICATION, DISTRIBUTION, ETC. (IMPRINT)
Place of publication Hoboken, N.J. :
Name of publisher Wiley-Interscience,
Year of publication c2008.
300 ## - PHYSICAL DESCRIPTION
Number of Pages xxvi, 390 p. :
Other physical details ill.
650 #0 - SUBJECT ADDED ENTRY--TOPICAL TERM
Topical Term Power resources.
Topical Term Electric power.
700 1# - ADDED ENTRY--PERSONAL NAME
Personal name Burgh, Griffin.
856 40 - ELECTRONIC LOCATION AND ACCESS
Uniform Resource Identifier http://site.ebrary.com/lib/rucke/Doc?id=10225438

No items available.

© 2026 Rongo University
Contact us: librarian | system librarian | Rongo university